000 00231nam a2200097Ia 4500
001 929602
005 20250826191657.0
008 250824s9999 xx 000 0 und d
245 0 _aSUMRU KIZ
_cCAHİT UÇUK
260 _bBİLGE YAYINLARI
999 _c929602
_d929602